Tribhuvan University Central Library

Experimental learning and change : (Record no. 49204)

MARC details
000 -LEADER
fixed length control field 00611 a2200205 4500
020 ## - INTERNATIONAL STANDARD BOOK NUMBER
International Standard Book Number 0-471-08355-0
082 ## - DEWEY DECIMAL CLASSIFICATION NUMBER
Classification number 370.15
Item number W171e
100 ## - MAIN ENTRY--PERSONAL NAME
Personal name Walter, Gordon A., 1943-
9 (RLIN) 5665
245 ## - TITLE STATEMENT
Title Experimental learning and change :
Remainder of title theory design and practice
260 ## - PUBLICATION, DISTRIBUTION, ETC.
Place of publication, distribution, etc. New York
Name of publisher, distributor, etc. John Wiley and Sons
Date of publication, distribution, etc. 1981
300 ## - PHYSICAL DESCRIPTION
Extent xii, 333 p. illus.
504 ## - BIBLIOGRAPHY, ETC. NOTE
Bibliography, etc. note Bibliography : p. 287-314
650 ## - SUBJECT ADDED ENTRY--TOPICAL TERM
Topical term or geographic name entry element Learning psychoogy
9 (RLIN) 11096
650 ## - SUBJECT ADDED ENTRY--TOPICAL TERM
Topical term or geographic name entry element Social psychology.
9 (RLIN) 527
650 ## - SUBJECT ADDED ENTRY--TOPICAL TERM
Topical term or geographic name entry element Change (psychology).
9 (RLIN) 5667
650 ## - SUBJECT ADDED ENTRY--TOPICAL TERM
Topical term or geographic name entry element Cognition
9 (RLIN) 717
653 ## - INDEX TERM--UNCONTROLLED
Uncontrolled term Education.
942 ## - ADDED ENTRY ELEMENTS (KOHA)
Source of classification or shelving scheme Dewey Decimal Classification
Koha item type General Collections
518 ## - DATE/TIME AND PLACE OF AN EVENT NOTE
-- 2010-12-19
Holdings
Withdrawn status Lost status Source of classification or shelving scheme Damaged status Not for loan Home library Current library Date acquired Total Checkouts Full call number Barcode Date last seen Price effective from Koha item type
    Dewey Decimal Classification     Tribhuvan University Central Library Tribhuvan University Central Library 01/11/2011   370.15 / W171e G23719 01/11/2011 01/11/2011 General Collections